<?xml version="1.0" encoding="UTF-8"?>
<record
    xmlns:xsi="http://www.w3.org/2001/XMLSchema-instance"
    xsi:schemaLocation="http://www.loc.gov/MARC21/slim http://www.loc.gov/standards/marcxml/schema/MARC21slim.xsd"
    xmlns="http://www.loc.gov/MARC21/slim">

  <leader>01534nam a2200169 i 4500</leader>
  <controlfield tag="001">170721</controlfield>
  <controlfield tag="003">ES-MaACL</controlfield>
  <controlfield tag="005">20230906214437.0</controlfield>
  <controlfield tag="008">090401s18681872sp           |||| | spa d</controlfield>
  <datafield tag="080" ind1=" " ind2=" ">
    <subfield code="a">94(460)</subfield>
  </datafield>
  <datafield tag="110" ind1="2" ind2=" ">
    <subfield code="a">Real Academia de la Historia (Espa&#xF1;a)</subfield>
    <subfield code="9">6309</subfield>
  </datafield>
  <datafield tag="245" ind1="1" ind2="0">
    <subfield code="a">Discursos le&#xED;dos ante la Academia de la Historia, </subfield>
    <subfield code="f">1868-1872 /</subfield>
    <subfield code="c">Real Academia de la Historia.</subfield>
  </datafield>
  <datafield tag="260" ind1=" " ind2=" ">
    <subfield code="a">Madrid : </subfield>
    <subfield code="b">[s.n.], </subfield>
    <subfield code="c">1868 (</subfield>
    <subfield code="f">Imp. de Jos&#xE9; Rodr&#xED;guez)</subfield>
  </datafield>
  <datafield tag="300" ind1=" " ind2=" ">
    <subfield code="a">1 v. ; </subfield>
    <subfield code="c">27 cm.</subfield>
  </datafield>
  <datafield tag="505" ind1="8" ind2=" ">
    <subfield code="a">Contiene: Estudios hist&#xF3;ricos / Antonio Benavides (38 p.). Cr&#xF3;nica general de D. Alfonso el Sabio y los elementos que concurren a la cultura de la &#xE9;poca / Juan Facundo Ria&#xF1;o (49 p.). Contestaci&#xF3;n / Eduardo Saavedra (p. 51-61). El pueblo extreme&#xF1;o / Vicente Barrantes (61 p.). Reyes Cat&#xF3;licos / Antonio C&#xE1;novas del Castillo (p. 63-84). La expedici&#xF3;n de los espa&#xF1;oles a Dinamarca, a las &#xF3;rdenes del Marqu&#xE9;s de la Romana / Jos&#xE9; G&#xF3;mez de Arteche (59 p.). Contestaci&#xF3;n / Cayetano Rosell (p. 61-83). Antiguos bandos pol&#xED;ticos desde el siglo XIII hasta fines del XV / Francisco de C&#xE1;rdenas (43 p.). Contestaci&#xF3;n / Jos&#xE9; Amador de los R&#xED;os (p. 48-78). Expediciones mar&#xED;timas [s. XIV] / Francisco Javier de Salas (127 p. +  1 map. pleg.). Contestaci&#xF3;n / Aureliano Fern&#xE1;ndez-Guerra y Orbe (p. 130-200). Elogio de Don Jos&#xE9; Cornide de Saavedra / Carlos Ram&#xF3;n Fort (64 p. + 1 retr.). Elche / Marqu&#xE9;s de Molins (99 p.).  / Contestaci&#xF3;n / Antonio Benavides (p. 102-124).</subfield>
  </datafield>
  <datafield tag="852" ind1=" " ind2=" ">
    <subfield code="a">ES-MaACL</subfield>
    <subfield code="j">K-119 </subfield>
    <subfield code="z">- Enc. pasta espa&#xF1;ola</subfield>
  </datafield>
  <datafield tag="999" ind1=" " ind2=" ">
    <subfield code="c">170721</subfield>
    <subfield code="d">170721</subfield>
  </datafield>
  <datafield tag="952" ind1=" " ind2=" ">
    <subfield code="0">0</subfield>
    <subfield code="1">0</subfield>
    <subfield code="4">0</subfield>
    <subfield code="7">0</subfield>
    <subfield code="8">LIBXIX</subfield>
    <subfield code="a">ATENEOM</subfield>
    <subfield code="b">ATENEOM</subfield>
    <subfield code="c">ADM</subfield>
    <subfield code="d">2009-04-01</subfield>
    <subfield code="l">0</subfield>
    <subfield code="o">K-119</subfield>
    <subfield code="p">1179163</subfield>
    <subfield code="r">2023-02-23 00:00:00</subfield>
    <subfield code="w">2023-02-23</subfield>
    <subfield code="y">MONANT</subfield>
  </datafield>
</record>
